| 000 | 00401 a2200133 4500 | ||
|---|---|---|---|
| 003 | Nust | ||
| 005 | 20170207170129.0 | ||
| 040 | _cNust | ||
| 082 | _a799 | ||
| 245 |
_aLec By Lt Col Dr.Saif Ur Rehman (NDU)on Islam in Our Times,Photographs-2014 _cMCS |
||
| 260 |
_aRawalpindi _bMCS _c16-12-2014 |
||
| 650 | _aLec By Lt Col Dr.Saif Ur Rehman (NDU)on Islam in Our Times,Photographs-2014 | ||
| 651 | _aSweet Memories-MCS | ||
| 942 | _cBK | ||
| 999 |
_c214089 _d214089 |
||